[Event "38th Olympiad w"]
[Site "Dresden GER"]
[Date "2008.11.20"]
[Round "7"]
[White "Nakagawa,E"]
[Black "Lim,H"]
[Result "1-0"]
[WhiteElo "1860"]
[BlackElo "1566"]

1.d4 d5 2.c4 c6 3.e3 Nf6 4.Nc3 e6 5.Nf3 Nbd7 6.Qc2 Be7 7.Bd3 h6 8.O-O O-O
9.h3 b6 10.b3 Bb7 11.Bb2 c5 12.Rac1 Rc8 13.Qe2 Re8 14.cxd5 exd5 15.Rfd1 Ne4
16.Ba6 Qc7 17.Bxb7 Qxb7 18.dxc5 Nxc3 19.Bxc3 Nxc5 20.Qb2 f6 21.Qe2 f5 22.Qb2 Bd6
23.Be5 Nd3 24.Rxc8 Nxb2 25.Rxe8+ Kf7 26.Bxd6 Kxe8 27.Rd2 Qc8 28.Be5 Qc1+
29.Kh2 Nd1 30.Bxg7 h5 31.Be5 Nc3 32.Bxc3 Qxc3 33.g3 Qc6 34.Nd4 Qc1 35.Rc2 Qf1
36.Nxf5 Qb1 37.Nd4 Qe1 38.a4 Qb4 39.Kg2 Kd7 40.Rc6 Qxd4 41.exd4 Kxc6 42.g4 hxg4
43.hxg4 Kd6 44.f4 Ke6 45.Kf3 Kf6 46.f5 Kg5 47.Kg3 a6 48.b4 b5 49.a5 Kf6 50.Kf4 Kf7
51.Ke5  1-0

[Event "38th Olympiad"]
[Site "Dresden GER"]
[Date "2008.11.20"]
[Round "7"]
[White "Ramirez,Alej"]
[Black "Gurevich,M1"]
[Result "1/2-1/2"]
[WhiteElo "2533"]
[BlackElo "2634"]

1.d4 d5 2.c4 c6 3.Nf3 Nf6 4.Nc3 e6 5.e3 a6 6.c5 Nbd7 7.b4 g6 8.Bb2 Bg7 9.Na4 O-O
10.Bd3 Qe7 11.O-O e5 12.dxe5 Ng4 13.Be2 Ndxe5 14.Nxe5 Nxe5 15.Kh1 h5 16.Qd2 Bf5
17.Bd4 Rae8 18.Nc3 Nd7 19.Rad1 Be5 20.Bf3 Nf6 21.Bxe5 Qxe5 22.Qd4 Qe6 23.Qf4 Kg7
24.Ne2 Bg4 25.Nd4 Qd7 26.Qg3 Rh8 27.h3 h4 28.Qh2 Bh5 29.a4 Ne4 30.Rc1 Ng5
31.Bxh5 Rxh5 32.b5 axb5 33.axb5 Ne4 34.bxc6 bxc6 35.Qf4 Rhh8 36.Rc2 Ra8 37.Rb1 Ra5
38.Qe5+ Kh7 39.Rcb2 Re8 40.Qf4 Nxc5 41.Nxc6 Ra4 42.Nd4 Qe7 43.Qf3 Kg7 44.Qxd5 Ne4
45.Kg1 Ra6 46.Rc1 Rd6 47.Qb7 Rd7 48.Qb4 Qf6 49.Qa4 Rdd8 50.Rc6 Qe5 51.Rbc2 Ra8
52.Qb5 Qxb5 53.Nxb5 Reb8 54.Nd4 Ra1+ 55.Rc1 Rxc1+ 56.Rxc1 Rb2 57.Nf3  1/2-1/2

[Event "38th Olympiad"]
[Site "Dresden GER"]
[Date "2008.11.20"]
[Round "7"]
[White "Abdulla,AlR"]
[Black "Johannessen,LE"]
[Result "1/2-1/2"]
[WhiteElo "2522"]
[BlackElo "2545"]

1.d4 d5 2.Nf3 c6 3.c4 e6 4.e3 Nf6 5.Nc3 Nbd7 6.Qc2 Bd6 7.Bd2 O-O 8.Bd3 dxc4
9.Bxc4 c5 10.O-O a6 11.a4 cxd4 12.exd4 Qc7 13.Bb3 b6 14.Rac1 Bb7 15.Qd3 Qb8
16.Rfe1 Rd8 17.g3 Nc5 18.dxc5 Bxc5 19.Qe2 Bxf3 20.Qxf3 Rxd2 21.Re2 Rxe2 22.Nxe2 Ra7
23.Nf4 Rc7 24.Rd1 a5 25.g4 Rd7 26.h3 Rxd1+ 27.Bxd1 Nd7 28.Bc2 Qd6 29.Nd3 Bd4
30.Kg2 Nf8 31.Qe4 g6 32.Bb3 Kg7 33.Bc4 Nd7 34.b3 Nf6 35.Qf3 Nd7 36.Qe4 Nc5
37.Nxc5 bxc5 38.f4 Qb6 39.f5 exf5 40.gxf5 Qf6 41.Qf3 Qg5+ 42.Qg4 Qe3 43.Qe2 Qg1+
44.Kf3 g5 45.Ke4 Qg3 46.Qf3 Qe5+ 47.Kd3 h5 48.Qd5 Qe7 49.Qe4 Qc7 50.Qf3 Qh2
51.f6+ Bxf6 52.Qxh5 Qg3+ 53.Ke2 Qe5+ 54.Kf1 Qf4+ 55.Kg2 Bd4 56.Qf3 Qd2+ 57.Qe2 Qc1
58.Qf1 Qc2+ 59.Qe2 Qg6 60.Qf3 Qf6  1/2-1/2

[Event "38th Olympiad"]
[Site "Dresden GER"]
[Date "2008.11.20"]
[Round "7"]
[White "Blagojevic,Dr"]
[Black "Sanduleac,V"]
[Result "1-0"]
[WhiteElo "2522"]
[BlackElo "2443"]

1.d4 d5 2.c4 c6 3.Nc3 Nf6 4.e3 e6 5.Nf3 Be7 6.Bd3 Nbd7 7.b3 O-O 8.O-O b6
9.Bb2 Bb7 10.Qe2 dxc4 11.Bxc4 b5 12.Bd3 a5 13.e4 Nb6 14.a4 bxa4 15.bxa4 Nbd7
16.Rfc1 Nb8 17.Ne5 Nfd7 18.Nxd7 Qxd7 19.e5 Ba6 20.Nb5 g6 21.Qf3 f5 22.exf6 Bxf6
23.Ba3 Be7 24.Qe4 Bxa3 25.Nxa3 Bxd3 26.Qxd3 Na6 27.Nc4 Nb4 28.Qd2 Qc7 29.Rab1 Rab8
30.g3 c5 31.Qe3 cxd4 32.Qxe6+ Qf7 33.Qxf7+ Rxf7 34.Nxa5 Ra7 35.Nb3 Nd5 36.Nxd4 Rxb1
37.Rxb1 Rxa4 38.Rb8+ Kg7 39.Rb7+ Kf6 40.Nf3 h6 41.Rb5 Ke6 42.h4 Ra1+ 43.Kg2 Rd1
44.Rb8 Kf6 45.Nh2 h5 46.Nf3 Ne7 47.Rb6+ Kg7 48.Ne5 Re1 49.Re6 Nd5 50.Rxg6+ Kh7
51.Rg5 Nf6 52.Nd3 Re6 53.Nf4  1-0

[Event "38th Olympiad"]
[Site "Dresden GER"]
[Date "2008.11.20"]
[Round "7"]
[White "Istratescu,A"]
[Black "Gustafsson,J"]
[Result "0-1"]
[WhiteElo "2633"]
[BlackElo "2634"]

1.d4 d5 2.c4 e6 3.Nc3 c6 4.e3 Nf6 5.Nf3 Nbd7 6.Bd3 dxc4 7.Bxc4 b5 8.Bd3 Bb7
9.O-O a6 10.e4 c5 11.d5 Qc7 12.dxe6 fxe6 13.Bc2 c4 14.Ng5 Nc5 15.Be3 Bd6
16.Qf3 h6 17.Qh3 O-O-O 18.Nf3 Kb8 19.e5 Bxe5 20.Nxe5 Qxe5 21.Rfe1 Ka8 22.a4 b4
23.Nb5 axb5 24.axb5+ Kb8 25.Qh4 g5 26.Qxc4 Qd5 27.Qf1 Ng4 28.Bxc5 Qxc5 29.Qe2 Rhf8  0-1

[Event "38th Olympiad w"]
[Site "Dresden GER"]
[Date "2008.11.20"]
[Round "7"]
[White "Hejazipour,M"]
[Black "Mir Mahmoud,A"]
[Result "1-0"]
[WhiteElo "2139"]
[BlackElo "2024"]

1.d4 d5 2.c4 c6 3.Nf3 Nf6 4.e3 e6 5.Nc3 Nbd7 6.Qc2 Be7 7.Bd3 O-O 8.O-O b6
9.e4 dxe4 10.Nxe4 Bb7 11.Rd1 Nxe4 12.Bxe4 Nf6 13.Bd3 Qc7 14.c5 bxc5 15.dxc5 h6
16.Qc4 e5 17.Re1 Bc8 18.Rxe5 Be6 19.Rxe6 fxe6 20.Qxe6+ Rf7 21.Ne5 Bxc5 22.Bg6 Bxf2+
23.Kh1 Rf8 24.Bf4 Nd5 25.Bxf7+ Rxf7 26.Rf1 Bd4 27.Qxf7+  1-0

[Event "Autumn"]
[Site "Nea Filadelfia GRE"]
[Date "2008.11.20"]
[Round "9"]
[White "Andronis,V"]
[Black "Kostopoulos,E"]
[Result "1/2-1/2"]
[WhiteElo "2072"]
[BlackElo "2179"]

1.d4 d5 2.Nf3 Nf6 3.c4 e6 4.Nc3 c6 5.e3 Bd6 6.Bd3 Nbd7 7.O-O dxc4 8.Bxc4 b5
9.Bd3 O-O 10.Qe2 Bb7 11.e4 e5 12.d5 cxd5 13.exd5 a6 14.Bg5 h6 15.Bh4 Qb6
16.Rfd1 b4 17.Ne4 Nxe4 18.Bxe4 f5 19.Bc2 Rae8 20.Ba4 Rf7 21.Nd4 Ref8 22.Ne6 Rc8
23.Qh5 Nc5 24.Bc2 e4 25.Rd2 a5 26.Rad1 Ba6 27.Nd4 Rcf8 28.Ne6 Rb8 29.Nd4 Bc8
30.Nc6 Bd7 31.Nxb8 Qxb8 32.h3 Qf8 33.f3 e3 34.Re2 Kh7 35.Bd8 Bg3 36.f4 g6
37.Qf3 Bf2+ 38.Rxf2 exf2+ 39.Qxf2 Ne4 40.Bxe4 fxe4 41.Bc7 Bxh3 42.Be5 Bg4
43.Rc1 Rd7 44.d6 Qf5 45.Qb6 g5 46.g3 gxf4 47.Bxf4 Bf3 48.Qf2 Rg7 49.Rc7 Qd5
50.Qd2 Qh5 51.Qh2 Qxh2+ 52.Kxh2 Rxc7 53.dxc7 Bg4 54.Kg2 Kg6 55.Kf2 a4 56.b3 axb3
57.axb3 h5 58.Bd6 Kf7 59.Bxb4 Ke8 60.Ke3 Kd7 61.Ba5 Bf3 62.b4 Kc8 63.b5 Kb7
64.Kd4 Be2 65.b6 Bf3 66.Bd2 Bg2 67.Be3 Bf3 68.Ke5 Bg2 69.Kf5 Bf3 70.Bd4 Kc8
71.Ke5 Kb7 72.Be3 Kc8 73.Kd5 Bg4 74.Kxe4 Kb7 75.Kd5 Bf3+ 76.Kc5 Bg4 77.Kd6 Bc8  1/2-1/2

[Event "38th Olympiad w"]
[Site "Dresden GER"]
[Date "2008.11.21"]
[Round "8"]
[White "Chirivi C,Y"]
[Black "Paridar,S"]
[Result "1/2-1/2"]
[WhiteElo "2175"]
[BlackElo "2248"]

1.d4 d5 2.c4 e6 3.Nc3 c6 4.e3 Nf6 5.Nf3 Nbd7 6.Qc2 Bd6 7.Bd3 dxc4 8.Bxc4 O-O
9.O-O e5 10.dxe5 Nxe5 11.Nxe5 Bxe5 12.f4 Bc7 13.Kh1 Ng4 14.Qe2 b5 15.Bb3 Bb6
16.Bd2 a5 17.a3 Qh4 18.g3 Qh3 19.Ne4 h6 20.Rae1 Rd8 21.Bc1 c5 22.Kg1 Ba6
23.Qg2 Qxg2+ 24.Kxg2 Bb7 25.Kh3 Bxe4 26.Kxg4 c4 27.Bd1 Rd5 28.Kh3 b4 29.axb4 axb4
30.Bf3 Bxf3 31.Rxf3 Rd3 32.Kg2 c3 33.Rf2 Ra1 34.Rfe2 Bxe3 35.Rxe3 Rxe3 36.Rxe3 Rxc1
37.bxc3 b3 38.Re8+ Kh7 39.Rb8 Rxc3 40.f5 h5 41.h4 f6 42.Kh3 Rd3 43.Rb7 Kg8
44.Kg2 Rd2+ 45.Kf3 b2 46.g4 hxg4+ 47.Kxg4 Kf8 48.Kh5 Ke8 49.Kg6 Kd8 50.h5 Kc8
51.Rb3 Rg2+ 52.Kf7 Kd7 53.Rb8 Kd6 54.Rb5 Kc6 55.Rb8 Kd5 56.Rb5+ Kd4 57.Rb3 Ke5
58.Rb5+ Ke4 59.Kf8 Rg5 60.Rxb2 Kxf5 61.Kf7 Rxh5 62.Kxg7 Ke6 63.Rb6+ Ke7 64.Rb7+ Ke6
65.Rb6+ Ke7 66.Rb7+  1/2-1/2

[Event "38th Olympiad"]
[Site "Dresden GER"]
[Date "2008.11.21"]
[Round "8"]
[White "Kropff,R"]
[Black "Gulbas,C"]
[Result "1-0"]
[WhiteElo "2286"]
[BlackElo "2371"]

1.d4 d5 2.Nf3 Nf6 3.c4 e6 4.Nc3 c6 5.e3 Nbd7 6.Qc2 Bd6 7.b3 O-O 8.Be2 dxc4
9.bxc4 e5 10.O-O Re8 11.Rd1 e4 12.Nd2 Qe7 13.Rb1 Nf8 14.c5 Bc7 15.Nc4 Bg4
16.Ba3 Bxe2 17.Qxe2 Red8 18.Nd6 b6 19.Qc2 Bxd6 20.cxd6 Qe6 21.d5 cxd5 22.Nb5 Qg4
23.h3 Qg5 24.Qe2 N8d7 25.Rbc1 Ne5 26.Rc7 Nc4 27.Rxc4 dxc4 28.Qxc4 Rd7 29.Qa4 Qe5
30.Rd4 h6 31.Nc7 Rxc7 32.dxc7 Qxc7 33.Rd6 Rc8 34.Qd4 Qc3 35.Rd8+ Kh7 36.Rxc8 Qxc8
37.Bb2 Qc2 38.Qe5 Qd1+ 39.Kh2 Qd5 40.Qe7 Nd7 41.Bd4 a5 42.Qd8 a4 43.a3 b5
44.Qe7 f6 45.Kg1 Ne5 46.Bc3 Ng6 47.Qc7 Qf5 48.Qb7 Nh4 49.Kf1 Ng6 50.Bd4 Nf8
51.Qc6 Ne6 52.Bc3 Nd8 53.Qd6 Nf7 54.Qe7 Qd5 55.Bd4 Nd6 56.Qd7 Qc4+ 57.Kg1 Nf7
58.Qf5+ Kg8 59.Qxe4 Qc1+ 60.Kh2 Qxa3 61.Qe8+ Qf8 62.Qxb5 Qa8 63.f4 Nd6 64.Qb4 Nf5
65.Bc5 Nh4 66.e4 f5 67.Kg3 a3 68.Kxh4 a2 69.Bd4 Qxe4 70.Qb8+ Kh7 71.Qe5 Qxg2
72.Qxf5+ Kg8 73.Qe6+ Kh7 74.Qg4 Qb7 75.Qf5+ Kh8 76.Qe6 Kh7 77.Qxa2 Qe4 78.Qf2 Kg6
79.Qe3 Qc2 80.Qg3+  1-0

[Event "38th Olympiad"]
[Site "Dresden GER"]
[Date "2008.11.21"]
[Round "8"]
[White "Lill,S"]
[Black "Jones,Ru"]
[Result "1/2-1/2"]
[WhiteElo "1885"]
[BlackElo "1966"]

1.d4 Nf6 2.c4 e6 3.Nf3 d5 4.e3 c6 5.Nc3 a6 6.c5 Nbd7 7.Bd3 Qc7 8.e4 dxe4
9.Nxe4 Nxe4 10.Bxe4 e5 11.Bf5 exd4 12.Qe2+ Be7 13.b4 Nf6 14.Nxd4 O-O 15.O-O Re8
16.Qf3 Qe5 17.Bb2 g6 18.Rfe1 Qd5 19.Bxc8 Raxc8 20.Rxe7 Rxe7 21.Qxf6 Qe5 22.Qxe5 Rxe5
23.f3 Re3 24.Rd1 Rce8 25.Kf2 Kf8 26.Kf1 Kg8 27.Kf2 Kf8 28.Kf1 Kg8 29.Kf2 Kf8
30.Kf1 Kg8  1/2-1/2

[Event "38th Olympiad"]
[Site "Dresden GER"]
[Date "2008.11.21"]
[Round "8"]
[White "Gentilleau,JP"]
[Black "Farazi,K"]
[Result "0-1"]
[WhiteElo "2158"]
[BlackElo "2207"]

1.c4 Nf6 2.Nf3 e6 3.Nc3 d5 4.d4 c6 5.e3 Nbd7 6.Qc2 a6 7.e4 dxe4 8.Nxe4 Nxe4
9.Qxe4 Bb4+ 10.Bd2 Qa5 11.a3 Bxd2+ 12.Nxd2 c5 13.O-O-O cxd4 14.Nb3 Qc7 15.Qxd4 O-O
16.Bd3 Ne5 17.Rhe1 Nxd3+ 18.Rxd3 e5 19.Qc5 Qxc5 20.Nxc5 f6 21.Red1 Bf5 22.Rc3 Rf7
23.Na4 h5 24.Nb6 Re8 25.c5 Be4 26.Nc4 Bxg2 27.Nd6 Ref8 28.Nxf7 Kxf7 29.Rd7+ Ke6
30.Rxg7 Bc6 31.Rh7 Rg8 32.Rxh5 Rg2 33.Rc2 Be4 34.Rc3 Rxf2 35.h4 f5 36.Rh6+ Kf7
37.Rh7+ Kg6 38.Re7 Kf6 39.Rd7 f4 40.b4 Bc6 41.Rd6+ Kf5 42.Rh3 Kg4 43.Rhd3 Kxh4
44.Re6 e4 45.Rd4 Kg3 46.Rxc6 bxc6 47.Rxe4 Ra2 48.Re6 f3 49.Rg6+ Kf4 50.Rf6+ Ke3
51.Kb1 Re2  0-1

[Event "38th Olympiad"]
[Site "Dresden GER"]
[Date "2008.11.21"]
[Round "8"]
[White "Parfenov,P"]
[Black "Montalvo,A"]
[Result "0-1"]
[WhiteElo "2252"]
[BlackElo "2223"]

1.d4 d5 2.Nf3 c6 3.e3 Nf6 4.c4 e6 5.Nc3 Nbd7 6.Qc2 Bd6 7.g4 Bb4 8.Bd2 Qe7
9.Bd3 Bxc3 10.Bxc3 Nxg4 11.Rg1 f5 12.O-O-O Ngf6 13.cxd5 Nxd5 14.Bd2 O-O 15.a3 c5
16.Kb1 Rb8 17.Rc1 b6 18.Bb5 a6 19.Bxd7 Bxd7 20.dxc5 Rfc8 21.c6 Rxc6 22.Qd3 b5
23.Ne5 Rcc8 24.f3 Rxc1+ 25.Rxc1 Rc8 26.Rg1 Be8 27.e4 fxe4 28.fxe4 Nf6 29.Bh6 Nh5
30.Bg5 Qc7 31.Rc1 Qb7 32.Rf1 Bg6 33.Nxg6 hxg6 34.e5 Qg2 35.h4 Ng3 36.Rf3 Nf5
37.Qd1 Rc2 38.Qxc2 Qxf3 39.Qc8+ Kh7 40.Qxe6 Qe4+ 41.Ka2 a5 42.Qe8 Nd6 43.Qe7 Qc4+
44.Ka1 Ne4 45.Qd7 b4 46.axb4 axb4 47.Bf6 Qf1+ 48.Ka2 Qa6+ 49.Kb1 Nxf6 50.exf6 Qxf6
51.Kc2 Qf5+ 52.Qd3 Kh6 53.Kd2 Qxd3+ 54.Kxd3 Kh5 55.Kd4  0-1

[Event "38th Olympiad"]
[Site "Dresden GER"]
[Date "2008.11.21"]
[Round "8"]
[White "Nyback,T"]
[Black "Georgiev,Vl"]
[Result "1/2-1/2"]
[WhiteElo "2634"]
[BlackElo "2517"]

1.d4 d5 2.c4 e6 3.Nf3 Nf6 4.Nc3 c6 5.e3 a6 6.b3 Bb4 7.Bd2 Nbd7 8.Bd3 O-O
9.O-O Qe7 10.Qe1 dxc4 11.bxc4 e5 12.Bc2 Re8 13.Qb1 Bd6 14.Ng5 h6 15.Nge4 Nxe4
16.Nxe4 Nf6 17.Nxd6 Qxd6 18.Bb4 Qc7 19.Qb2 e4 20.Qa3 Be6 21.Bd6 Qd7 22.Bb3 b5
23.Rac1 a5 24.d5 cxd5 25.cxb5 a4 26.Bd1 Qxb5 27.Re1 Bg4 28.Bxg4 Nxg4 29.h3 Ne5
30.Bxe5 Rxe5 31.Qc5 Qxc5  1/2-1/2

[Event "38th Olympiad"]
[Site "Dresden GER"]
[Date "2008.11.21"]
[Round "8"]
[White "Samhouri,A"]
[Black "Ahmed,Has"]
[Result "1/2-1/2"]
[WhiteElo "2378"]
[BlackElo "2253"]

1.d4 d5 2.c4 e6 3.Nc3 c6 4.e3 Nf6 5.Nf3 Nbd7 6.Qc2 Bd6 7.Bd3 O-O 8.e4 dxe4
9.Nxe4 Nxe4 10.Bxe4 Nf6 11.Bd3 Bb4+ 12.Bd2 Bxd2+ 13.Qxd2 c5 14.dxc5 Qc7 15.O-O Qxc5
16.Rfe1 Bd7 17.Re5 Qe7 18.Nd4 Bc6 19.Qf4 Rad8 20.Rae1 Qd6 21.Nxc6 bxc6 22.Bc2 Qb4
23.Qc1 Rd2 24.R5e2 Rd4 25.b3 Rfd8 26.h3 g6 27.Kf1 Nh5 28.g3 Nf6 29.Qg5 Kg7
30.Qd5  1/2-1/2

[Event "Young Stars of the World"]
[Site "Kirishi RUS"]
[Date "2008.11.21"]
[Round "6"]
[White "Bukavshin,I"]
[Black "Fedoseev,Vl3"]
[Result "0-1"]
[WhiteElo "2376"]
[BlackElo "2312"]

1.d4 d5 2.c4 c6 3.Nc3 Nf6 4.Nf3 e6 5.e3 Nbd7 6.Qc2 Bd6 7.b3 b6 8.Bb2 Bb7
9.Be2 O-O 10.O-O Rc8 11.e4 c5 12.e5 cxd4 13.exf6 dxc3 14.fxg7 cxb2 15.gxf8=Q+ Bxf8
16.Rad1 Bg7 17.Nd4 dxc4 18.bxc4 Qg5 19.Bf3 Ba6 20.Nxe6 fxe6 21.Rxd7 Rxc4
22.Qe2 Be5 23.Be4 Rd4 24.Qxa6 Rxd7 25.Qc4 Qf6 26.Bb1 Bd4 27.Kh1 Bc5 28.f4 Kh8
29.Qe4 a5 30.Qc6 Rf7 31.Qa8+ Bf8 32.g3 Qd4 33.Qg2 Rc7 34.Qf3 Rc1 35.Kg2 Qd5
36.Qxd5 exd5 37.Kf2 b5 38.Ke2 b4 39.Rd1 a4 40.Kd2 Bc5 41.f5 a3 42.f6 b3 43.axb3  0-1

[Event "38th Olympiad"]
[Site "Dresden GER"]
[Date "2008.11.22"]
[Round "9"]
[White "Russell,MKA"]
[Black "Njobvu,I"]
[Result "1/2-1/2"]
[WhiteElo "2230"]
[BlackElo "2247"]

1.d4 d5 2.c4 e6 3.Nc3 c6 4.e3 Nf6 5.Nf3 Nbd7 6.Qc2 Bd6 7.g4 Bb4 8.Bd2 Qe7
9.g5 Bxc3 10.Bxc3 Ne4 11.Bd3 Nxc3 12.bxc3 e5 13.cxd5 cxd5 14.Nxe5 Nxe5 15.dxe5 Qxe5
16.Bb5+ Ke7 17.Qb3 Rd8 18.O-O-O Be6 19.Qb4+ Qd6 20.Rd4 Rdc8 21.Qxd6+ Kxd6
22.Kb2 Rc5 23.Bd3 Rh8 24.Rd1 Ke7 25.Rc1 h5 26.Rb4 b6 27.Be2 g6 28.Rf4 Rhc8
29.h4 Ra5 30.a3 Rac5 31.Bd3 R8c7 32.Rf6 R7c6 33.Rf4 Rc7 34.Rf6 R7c6 35.Rf4 Rc7
36.Rd4 Rc8 37.Bb1 Rb5+ 38.Rb4 Rbc5 39.Bd3 R8c7 40.Rd4 Rc8 41.Bb1 Rb5+ 42.Rb4 Rbc5
43.Ba2 R8c7 44.Rd4 R7c6  1/2-1/2

[Event "38th Olympiad"]
[Site "Dresden GER"]
[Date "2008.11.22"]
[Round "9"]
[White "Gajewski,G"]
[Black "Gustafsson,J"]
[Result "1-0"]
[WhiteElo "2577"]
[BlackElo "2634"]

1.d4 d5 2.c4 c6 3.Nf3 Nf6 4.Nc3 e6 5.e3 Nbd7 6.Qc2 Bd6 7.b3 O-O 8.Be2 b6
9.O-O Bb7 10.Bb2 Qe7 11.e4 Nxe4 12.Nxe4 dxe4 13.Qxe4 Rad8 14.Rae1 f5 15.Qe3 c5
16.Ng5 Rde8 17.Bh5 g6 18.Bf3 Bxf3 19.Nxf3 Nf6 20.Qd3 Ne4 21.d5 exd5 22.cxd5 Rd8
23.Re2 Qd7 24.Rxe4 fxe4 25.Qc3 Qe7 26.Re1 h6 27.Qh8+ Kf7 28.Qxh6 Ke8 29.Ng5  1-0

[Event "38th Olympiad"]
[Site "Dresden GER"]
[Date "2008.11.22"]
[Round "9"]
[White "Olsen,H"]
[Black "Al Sayed,Mohamad"]
[Result "0-1"]
[WhiteElo "2376"]
[BlackElo "2477"]

1.d4 d5 2.c4 c6 3.Nf3 Nf6 4.Nc3 e6 5.e3 Nbd7 6.Qc2 Bd6 7.g4 dxc4 8.Bxc4 e5
9.g5 Nd5 10.Bd2 O-O 11.Ne4 Qe7 12.Nxd6 Qxd6 13.e4 N5b6 14.dxe5 Nxe5 15.Nxe5 Qxe5
16.Be2 Re8 17.f3 Be6 18.f4 Qd4 19.Bc3 Qe3 20.Bd2 Qh3 21.Qc3 Rad8 22.Qxh3 Bxh3
23.Bf3 Bg4 24.Bg2 Nc4 25.Bc1 Nd6 26.e5 Nf5 27.Kf2 Rd4 28.Be3 Nxe3 29.Kxe3 Red8
30.h3 Rd3+ 31.Kf2 Rd2+ 32.Kg3 R8d3+ 33.Kxg4 Rxg2+ 34.Kf5 Rd4 35.Rhf1 Rxb2
36.Rab1 g6+ 37.Kf6 Rxb1 38.Rxb1 Rxf4+ 39.Ke7 b6 40.Re1 Kg7 41.h4 c5 42.a4 c4
43.Re3 a6 44.Kd6 b5 45.axb5 axb5 46.Kc5 Rxh4 47.Kxb5 Rg4  0-1

[Event "38th Olympiad"]
[Site "Dresden GER"]
[Date "2008.11.22"]
[Round "9"]
[White "Kazhgaleyev,M"]
[Black "Van Wely,L"]
[Result "0-1"]
[WhiteElo "2640"]
[BlackElo "2618"]

1.d4 d5 2.c4 c6 3.Nc3 Nf6 4.e3 e6 5.Nf3 Nbd7 6.Bd3 dxc4 7.Bxc4 b5 8.Bd3 a6
9.e4 c5 10.e5 cxd4 11.Nxb5 axb5 12.exf6 gxf6 13.O-O Qb6 14.Qe2 Ba6 15.a4 Bg7
16.a5 Qd6 17.Qe4 Rd8 18.Qg4 Kf8 19.Bf4 Ne5 20.Bxe5 fxe5 21.Qh5 f5 22.Rfc1 Rd7
23.Ng5 h6 24.Qf3 hxg5 25.Rc6 Qd5 26.Qxd5 Rxd5 27.Rxa6 e4 28.Ra8+ Ke7 29.Rxh8 Bxh8
30.a6 exd3 31.a7 Rd8 32.a8=Q Rxa8 33.Rxa8 d2 34.Ra1 d3 35.Rd1 e5 36.Rxd2 e4
37.g4 fxg4 38.Kf1 Kd6 39.Rd1 b4 40.Rb1 Kd5 41.Ke1 Bd4 42.Rc1 Bxb2 43.Rc8 Bd4
44.Rg8 b3 45.Rxg5+ Kc4 46.Rg8 b2 47.Rb8 Bc3+  0-1

[Event "38th Olympiad w"]
[Site "Dresden GER"]
[Date "2008.11.22"]
[Round "9"]
[White "Perez,Da"]
[Black "Da Bosco,C"]
[Result "0-1"]
[WhiteElo "1632"]
[BlackElo "1966"]

1.d4 d5 2.c4 c6 3.Nf3 Nf6 4.Nc3 e6 5.e3 Bd6 6.c5 Bc7 7.b4 a6 8.Bb2 Nbd7 9.Bd3 e5
10.dxe5 Nxe5 11.Nxe5 Bxe5 12.f4 Bc7 13.O-O O-O 14.Ne2 Re8 15.Qd2 Ne4 16.Qe1 Qe7
17.Bd4 Bg4 18.Ng3 Nf6 19.Qf2 Bd7 20.Rae1 Ng4 21.Qf3 Qh4 22.h3 Nh6 23.Kh2 g6
24.Rh1 Bg4 25.Qf1 Rad8 26.Ne2 Bf5 27.Nc1 Bxd3 28.Nxd3 Nf5 29.Qf3 Re4 30.Nf2 Nxd4
31.exd4 Rxf4  0-1

[Event "TCh-AUT 2nd Bundesliga Ost 2008-9"]
[Site "Austria AUT"]
[Date "2008.11.23"]
[Round "5"]
[White "Zetthofer,G"]
[Black "Galavics,H"]
[Result "1/2-1/2"]
[WhiteElo "2273"]
[BlackElo "2017"]

1.d4 d5 2.c4 c6 3.Nc3 Nf6 4.Nf3 e6 5.e3 Nbd7 6.Bd3 dxc4 7.Bxc4 b5 8.Bd3 Bb7
9.O-O a6 10.e4 c5 11.d5 c4 12.Bc2 Qc7 13.dxe6 fxe6 14.Qe2 Bd6 15.h3 O-O 16.Re1 e5
17.Rd1 Rae8 18.Be3 Bc5 19.b3 Bb4 20.Nd5 Nxd5 21.exd5 Nf6 22.Ng5 Qc8 23.bxc4 bxc4
24.Ba4 Bxd5 25.Bxe8 Rxe8 26.Nxh7 Kxh7 27.Bg5  1/2-1/2

[Event "TCh-AUT 2nd Bundesliga Ost 2008-9"]
[Site "Austria AUT"]
[Date "2008.11.23"]
[Round "5"]
[White "Polak,T"]
[Black "Timoscenko,G"]
[Result "1/2-1/2"]
[WhiteElo "2553"]
[BlackElo "2481"]

1.d4 d5 2.c4 c6 3.Nc3 Nf6 4.e3 e6 5.Nf3 Nbd7 6.Qc2 Bd6 7.g4 dxc4 8.Bxc4 e5
9.g5 Nd5 10.Ne4 Bc7 11.Bd2 O-O 12.O-O-O exd4 13.Nxd4 Ne5 14.Be2 Bg4 15.Bxg4 Nxg4
16.Rhg1 Ne5 17.f4 Nd7 18.Nf5 Re8 19.Rg3 g6 20.Nh6+ Kf8 21.Nc3 Nb4 22.Qb3 Qe7
23.Kb1 a5 24.a3 Nd3 25.Qc4 Nf2 26.Rf1 Ne4 27.Qxe4 Qxe4+ 28.Nxe4 Rxe4 29.Ng4 Rd8
30.Bc3 b5 31.b3 b4 32.axb4 axb4 33.Bb2 Nc5 34.Nf6 Re6 35.Nxh7+ Ke8 36.Nf6+ Ke7
37.Kc2 Red6 38.Rg2 Ra8 39.Ra1 Rxa1 40.Bxa1 Rd8 41.h4 Ke6 42.Bd4 Nb7 43.h5 gxh5
44.Nxh5 Kf5 45.Bf6 Rd5 46.Bd4 Rd8 47.g6 fxg6 48.Ng7+ Ke4 49.Ne6 Rc8 50.Rxg6 c5
51.Bb2 Bb8 52.Rg3 Na5 53.Ng5+  1/2-1/2

[Event "38th Olympiad"]
[Site "Dresden GER"]
[Date "2008.11.23"]
[Round "10"]
[White "Peralta,Fe"]
[Black "Steingrimsson,H"]
[Result "1-0"]
[WhiteElo "2557"]
[BlackElo "2540"]

1.d4 d5 2.c4 c6 3.Nf3 Nf6 4.Nc3 e6 5.e3 Nbd7 6.Bd3 dxc4 7.Bxc4 b5 8.Bd3 a6
9.e4 c5 10.d5 c4 11.Bc2 Qc7 12.O-O Bc5 13.dxe6 fxe6 14.Qe2 Ne5 15.Nxe5 Qxe5
16.Kh1 Bb7 17.f4 Qh5 18.Qxh5+ Nxh5 19.e5 O-O-O 20.Be4 g6 21.a4 b4 22.Bxb7+ Kxb7
23.Ne4 Be7 24.Be3 Rd5 25.g4 Ng7 26.Rac1 Rc8 27.Kg2 Ne8 28.Rf2 Ra5 29.Rd2 Rxa4
30.Rd7+ Rc7 31.Rxe7 Rxe7 32.Nc5+ Kc6 33.Nxa4 Kb5 34.Nc5 a5 35.Kf3 a4 36.Bd4 Nc7
37.Ne4 c3 38.bxc3 b3 39.c4+ Ka5 40.Bc3+ Kb6 41.Ra1  1-0

[Event "38th Olympiad w"]
[Site "Dresden GER"]
[Date "2008.11.23"]
[Round "10"]
[White "Odinaeva,S"]
[Black "Mir Mahmoud,A"]
[Result "1-0"]
[WhiteElo "1765"]
[BlackElo "2024"]

1.d4 d5 2.c4 c6 3.e3 Nf6 4.Nc3 e6 5.Nf3 Nbd7 6.b3 Bb4 7.Bd2 Qa5 8.Qc2 O-O
9.Bd3 c5 10.O-O Qc7 11.a3 Bxc3 12.Bxc3 b6 13.cxd5 exd5 14.dxc5 bxc5 15.Rac1 Qb6
16.Ne5 g6 17.a4 Ba6 18.Rfd1 Bb7 19.Be2 Rac8 20.Ba1 Nxe5 21.Bxe5 Qe6 22.Qb2 Nd7
23.Bf4 f6 24.h3 g5 25.Bh2 f5 26.Qd2 a6 27.Bf3 Nf6 28.Qa5 g4 29.hxg4 fxg4
30.Be2 Ne4 31.Bf4 d4 32.Qe1 Bd5 33.Rd3 Rce8 34.g3 Kh8 35.Qd1 Nf6 36.Rxc5 Qe4
37.Rxd5 Qxd5 38.Rxd4 Qb7 39.Rd6 a5 40.Bc4 Qe7 41.Qd4 Rd8 42.Be5 Rxd6 43.Bxd6 Qd8
44.Bxf8 Qxf8 45.e4 Qe7 46.e5 Nd7 47.Qxg4 Qe8 48.Qd4 Qxe5 49.Qxd7 Qe1+ 50.Bf1 h5
51.Qd5 h4 52.Qh5+ Kg7 53.Qxh4 Kf7 54.Qf4+ Kg7 55.Kg2 Qc3 56.Bc4 Kh7 57.g4 Qe1
58.g5 Qd1 59.Qf7+ Kh8 60.Qg8+  1-0

[Event "38th Olympiad"]
[Site "Dresden GER"]
[Date "2008.11.23"]
[Round "10"]
[White "Jorczik,J"]
[Black "Hernandez Basante,F"]
[Result "0-1"]
[WhiteElo "2382"]
[BlackElo "2247"]

1.d4 e6 2.c4 Nf6 3.Nf3 d5 4.Nc3 c6 5.e3 Nbd7 6.Qc2 Bd6 7.g4 Nxg4 8.Rg1 Qf6
9.Rxg4 Qxf3 10.Rxg7 Nf6 11.Rg1 Ne4 12.Bg2 Qh5 13.Nxe4 dxe4 14.Qxe4 Rg8 15.c5 Bc7
16.Rh1 e5 17.Bf3 Bg4 18.Rg1 f5 19.Bxg4 Rxg4 20.Rxg4 fxe4 21.Rg8+ Kd7 22.Rxa8 exd4
23.exd4 Ba5+ 24.b4 Bxb4+ 25.Kf1 Qxh2 26.Rg8 Qh1+ 27.Rg1 Qh3+ 28.Rg2 Qc3 29.Rg7+ Ke6
30.Bb2 Qxb2 31.Rd1 Qc2  0-1

[Event "38th Olympiad w"]
[Site "Dresden GER"]
[Date "2008.11.23"]
[Round "10"]
[White "Melnik,G"]
[Black "Ryvova,A"]
[Result "1/2-1/2"]
[WhiteElo "2062"]
[BlackElo "2009"]

1.d4 d5 2.Nf3 Nf6 3.c4 c6 4.Nc3 e6 5.e3 Nbd7 6.Be2 dxc4 7.Bxc4 b5 8.Bd3 Bd6
9.e4 e5 10.O-O O-O 11.Bg5 h6 12.Bh4 Bb7 13.d5 b4 14.dxc6 Bxc6 15.Nb5 Be7
16.Bxf6 Bxf6 17.Nd6 Qb8 18.Bc4 Nc5 19.Nf5 Bxe4 20.Ng3 Rd8 21.Qe2 Bxf3 22.Qxf3 Qb7
23.Qe2 e4 24.Rac1 Qe7 25.Nf5 Qe5 26.Qh5 Ne6 27.Qg4 Kf8 28.Rc2 Qf4 29.Qxf4 Nxf4
30.Re1 Rac8 31.b3 Ne6 32.Rce2 Bc3 33.Rf1 Nd4 34.Nxd4 Rxd4 35.f3 exf3 36.Rxf3 f6
37.Kf2 Re8 38.Rxe8+ Kxe8 39.Re3+ Kd7 40.Re2 Rd6 41.Kf3 Rd4 42.Rc2 Kd6 43.a4 g5
44.g3 f5 45.Re2 g4+ 46.Ke3 Re4+ 47.Kd3 Rxe2 48.Kxe2 Ke5 49.Bf7 f4 50.gxf4+ Kxf4
51.Kf2 Bd4+ 52.Kg2 Be5 53.h3  1/2-1/2

[Event "38th Olympiad"]
[Site "Dresden GER"]
[Date "2008.11.23"]
[Round "10"]
[White "Kotsur,P"]
[Black "Sveshnikov,E"]
[Result "1-0"]
[WhiteElo "2563"]
[BlackElo "2525"]

1.c4 e6 2.d4 d5 3.Nf3 Nf6 4.Nc3 c6 5.e3 Nbd7 6.Qc2 Bd6 7.g4 Nxg4 8.Rg1 Qf6
9.Rxg4 Qxf3 10.Rxg7 Nf8 11.Rg1 Bxh2 12.Be2 Qf6 13.Rf1 Rg8 14.Bd2 Rg1 15.O-O-O Rxf1
16.Rxf1 Bd6 17.f4 Bd7 18.f5 exf5 19.cxd5 cxd5 20.Nxd5 Qe6 21.Nc3 Rc8 22.Kb1 b5
23.Qd3 a6 24.e4 Rxc3 25.Qxc3 fxe4 26.Bd1 b4 27.Qc1 f5 28.Bb3 Qf6 29.Qc4 a5
30.Qd5 a4 31.Bxa4 Bxa4 32.Rxf5 Qg7 33.Qa8+ Ke7 34.Bg5+ Ke6 35.Qd5+ Kd7 36.Rf7+  1-0

[Event "38th Olympiad"]
[Site "Dresden GER"]
[Date "2008.11.23"]
[Round "10"]
[White "Gajewski,G"]
[Black "L'Ami,E"]
[Result "1/2-1/2"]
[WhiteElo "2577"]
[BlackElo "2610"]

1.d4 d5 2.c4 c6 3.Nf3 Nf6 4.Nc3 e6 5.e3 Nbd7 6.Qc2 Bd6 7.b3 O-O 8.Be2 b6
9.O-O Bb7 10.Bb2 Qe7 11.e4 dxe4 12.Nxe4 Nxe4 13.Qxe4 Nf6 14.Qh4 c5 15.Rad1 Rad8
16.d5 exd5 17.Bxf6 Qxf6 18.Qxf6 gxf6 19.cxd5 Bb8 20.Bc4 a6 21.a4 b5 22.axb5 axb5
23.Bxb5 Bxd5 24.Rd3 Be6 25.Rfd1 Rxd3 26.Rxd3 Bc7 27.Bc4 Rd8 28.Rxd8+ Bxd8
29.Kf1 Bf5 30.Nh4 Be4 31.f3 f5 32.fxe4 Bxh4 33.exf5 Bf6 34.Ke2 Bd4 35.Kf3 Kg7
36.Ke4 Bg1 37.Kd5 f6 38.h4 Bf2 39.g4 h6 40.Kd6 Be3 41.Ke7 Bf2 42.g5 Bxh4
43.gxh6+  1/2-1/2